000 00304nam a22001337a 4500
008 181107b xxu||||| |||| 00| 0 eng d
020 _a9780393301540
041 _aeng
080 _a521
100 _a41
101 _aASTR
245 _aScientists Confront Creationism
_cGodfrey, L.R
942 _2udc
_cBK
999 _c52234
_d52234